[Event "Memorial Kauska"]
[Site "?"]
[Date "2008.??.??"]
[Round "?"]
[White "Gubás, Jan"]
[Black "Valák, Alois"]
[Result "1-0"]
[WhiteElo "2343"]
[BlackElo "2350"]
[PlyCount "175"]
[EventDate "2008.??.??"]
[EventType "corr"]
[SourceDate "2004.06.03"]

1. e4 c5 2. Nf3 Nc6 3. d4 cxd4 4. Nxd4 Nf6 5. Nc3 e5 6. Ndb5 d6 7. Bg5 a6 8.
Na3 b5 9. Bxf6 gxf6 10. Nd5 Bg7 11. c3 f5 12. Bd3 Be6 13. Qh5 O-O 14. O-O fxe4
15. Bxe4 f5 16. Nf4 exf4 17. Bxc6 Rc8 18. Qe2 Bf7 19. Bf3 Qb6 20. Rad1 Bxa2 21.
Nc2 Be5 22. Bd5+ Bxd5 23. Rxd5 Qb7 24. Rfd1 Kh8 25. Ne1 Rg8 26. Qd3 Rcf8 27.
Kf1 Rf6 28. h3 Qc7 29. Rc1 b4 30. Rc2 bxc3 31. bxc3 Qg7 32. c4 Rg6 33. Qf3 Re6
34. Re2 Rg6 35. c5 h6 36. cxd6 Bxd6 37. Rxf5 Qa1 38. Rf7 Rxg2 39. Qxg2 Rxg2 40.
Kxg2 Qa4 41. Re6 Kg8 42. Ra7 Bf8 43. Rg6+ Kh8 44. Nf3 Qe8 45. Rgxa6 Kg8 46. Rb7
Bg7 47. Rd6 Kh8 48. Rdd7 Bf8 49. Rf7 Kg8 50. Rxf4 Bc5 51. Rc4 Qc6 52. Rg4+ Kh8
53. Rbg7 Qa8 54. Rc7 Bb6 55. Rd7 Qa2 56. Nd2 Qe6 57. Rgg7 Bc5 58. Rh7+ Kg8 59.
Rdg7+ Kf8 60. Rc7 Qg6+ 61. Kh1 Kg8 62. Rhd7 Qe8 63. Rg7+ Kf8 64. Kg2 Bb6 65.
Rb7 Qe2 66. Rgf7+ Kg8 67. Rbd7 Bc5 68. Rf4 Qe6 69. Ne4 Be7 70. Rd3 Kh8 71. Rdf3
Qg8+ 72. Ng3 Qd5 73. Nf5 Bg5 74. Rd4 Qg8 75. Ng3 Qa8 76. h4 Be7 77. Rg4 Qc6 78.
Rgf4 Qd7 79. Re4 Bd6 80. Nh5 Be7 81. Rf7 Qd5 82. Rfxe7 Qxh5 83. Rd4 Qg6+ 84.
Kh2 Qb6 85. Rf4 Qd6 86. Ref7 h5 87. R7f5 Kg7 88. Kg2 1-0

[Event "Memorial Kauska"]
[Site "?"]
[Date "2008.??.??"]
[Round "?"]
[White "Gubás, Jan"]
[Black "Volek, Stanislav"]
[Result "1/2-1/2"]
[WhiteElo "2343"]
[BlackElo "2317"]
[PlyCount "29"]
[EventDate "2008.??.??"]
[EventType "corr"]
[SourceDate "2004.06.03"]

1. e4 e5 2. Nf3 Nf6 3. d4 Nxe4 4. Bd3 d5 5. Nxe5 Nd7 6. Nxd7 Bxd7 7. O-O Bd6 8.
c4 c6 9. Nc3 O-O 10. Bxe4 dxe4 11. Nxe4 Bxh2+ 12. Kxh2 Qh4+ 13. Kg1 Qxe4 14.
Re1 Qg6 15. Bf4 1/2-1/2

[Event "Memorial Kauska"]
[Site "?"]
[Date "2008.??.??"]
[Round "?"]
[White "Kostál, Jindrich"]
[Black "Cipka, Ivan"]
[Result "1/2-1/2"]
[WhiteElo "2377"]
[BlackElo "2461"]
[PlyCount "50"]
[EventDate "2008.??.??"]
[EventType "corr"]
[SourceDate "2004.06.03"]

1. e4 e5 2. Nf3 Nf6 3. Nxe5 d6 4. Nf3 Nxe4 5. Nc3 Nxc3 6. dxc3 Be7 7. Bf4 O-O
8. Qd2 Be6 9. O-O-O Nc6 10. h4 a5 11. a3 a4 12. Bd3 Qd7 13. h5 Ra5 14. h6 g6
15. Rhe1 Bg4 16. Re4 Re8 17. Bc4 Rh5 18. Re3 Rf5 19. Re4 Rh5 20. Re3 Rf5 21.
Bd3 Rd5 22. c4 Rh5 23. Rde1 Bxf3 24. Rxf3 Bf8 25. Rfe3 Rxe3 1/2-1/2

[Event "Memorial Kauska"]
[Site "?"]
[Date "2008.??.??"]
[Round "?"]
[White "Kostál, Jindrich"]
[Black "Dedina, Miroslav"]
[Result "1-0"]
[WhiteElo "2377"]
[BlackElo "2366"]
[PlyCount "125"]
[EventDate "2008.??.??"]
[EventType "corr"]
[SourceDate "2004.06.03"]

1. e4 c6 2. d4 d5 3. exd5 cxd5 4. c3 Nc6 5. Nf3 Nf6 6. Bf4 Nh5 7. Be3 g6 8. Be2
Bg7 9. O-O Qc7 10. Re1 O-O 11. Nbd2 Nf4 12. Bf1 Nh5 13. Nb3 Nf6 14. Bd3 a5 15.
a4 Rd8 16. Nc5 b6 17. Nb3 Ba6 18. Bxa6 Rxa6 19. Nc1 Ra7 20. Nd3 e6 21. Bf4 Qe7
22. Nd2 Rc8 23. Qe2 Ne8 24. Nf1 Qd8 25. Ne3 h5 26. h3 Bf6 27. g4 h4 28. Nc2 Be7
29. Na3 Rb7 30. Nb5 Na7 31. Ne5 Bf6 32. Qd2 Bg7 33. Re2 Nxb5 34. axb5 Bxe5 35.
dxe5 Qd7 36. Bg5 Qxb5 37. Bxh4 Rc4 38. Re3 a4 39. Rd3 Kh7 40. Bd8 Re4 41. Rd4
Rxd4 42. cxd4 Ra7 43. h4 Ra8 44. Bg5 a3 45. Rxa3 Rxa3 46. bxa3 Qb3 47. Qf4 Kg8
48. Be7 Qc2 49. Kg2 Qe2 50. Bb4 Qd1 51. f3 Qe2+ 52. Kg3 Qd3 53. Qd2 Qf1 54. Qe1
Qd3 55. Qd2 Qf1 56. Qe3 Ng7 57. Be1 Kh7 58. Bf2 Qc4 59. Qd2 Qc7 60. Kg2 Qc4 61.
Qb4 Qxb4 62. axb4 b5 63. Be3 1-0

[Event "Memorial Kauska"]
[Site "?"]
[Date "2008.??.??"]
[Round "?"]
[White "Kostál, Jindrich"]
[Black "Glaser, Karel"]
[Result "1/2-1/2"]
[WhiteElo "2377"]
[BlackElo "2303"]
[PlyCount "96"]
[EventDate "2008.??.??"]
[EventType "corr"]
[SourceDate "2004.06.03"]

1. e4 e5 2. Nf3 Nc6 3. Bb5 a6 4. Ba4 Nf6 5. O-O Be7 6. Re1 b5 7. Bb3 O-O 8. c3
d6 9. h3 Na5 10. Bc2 c5 11. d4 Nd7 12. Nbd2 exd4 13. cxd4 Nc6 14. Nf1 cxd4 15.
Nxd4 Nxd4 16. Qxd4 Ne5 17. Rd1 Be6 18. f4 Nc6 19. Qf2 Rc8 20. Ne3 Qb6 21. f5
Nb4 22. Bb1 Bc4 23. Bd2 Nd3 24. Bxd3 Bxd3 25. Ba5 Qxa5 26. Nd5 Qd8 27. Rxd3 Bh4
28. g3 Bf6 29. Rad1 Be5 30. f6 gxf6 31. Rf3 Kg7 32. b3 Re8 33. Kg2 Re6 34. Ne3
Qc7 35. Nf5+ Kh8 36. Rd2 Qb7 37. Re3 Rg8 38. Rd5 Qc7 39. Re2 Rc8 40. Red2 Qc6
41. Qe2 Qc3 42. Kh2 Qc7 43. Kg2 Qc3 44. R5d3 Qc1 45. Qh5 Qc7 46. a3 Rg8 47. Qf3
Rg6 48. Qf2 Qc6 1/2-1/2

[Event "Memorial Kauska"]
[Site "?"]
[Date "2008.??.??"]
[Round "?"]
[White "Kostál, Jindrich"]
[Black "Kouba, Petr"]
[Result "1/2-1/2"]
[WhiteElo "2377"]
[BlackElo "2311"]
[PlyCount "236"]
[EventDate "2008.??.??"]
[EventType "corr"]
[SourceDate "2004.06.03"]

1. e4 e5 2. Nf3 Nc6 3. Bb5 a6 4. Ba4 Nf6 5. O-O Be7 6. Re1 b5 7. Bb3 d6 8. c3
O-O 9. h3 Na5 10. Bc2 c5 11. d4 cxd4 12. cxd4 exd4 13. Nxd4 Re8 14. Nc3 Bd7 15.
b3 Rc8 16. Bb2 Nc6 17. Rc1 Bf8 18. Qd2 g6 19. Bb1 Bg7 20. Nde2 Be6 21. Rcd1 Nh5
22. Qxd6 Qh4 23. Qd3 Be5 24. Bc1 g5 25. Nd5 g4 26. Qe3 gxh3 27. Qg5+ Qxg5 28.
Bxg5 Kh8 29. g3 Bg4 30. Kh2 Rg8 31. Bh4 Bc7 32. Rc1 Ba5 33. Ng1 Bxe1 34. Rxe1
Rge8 35. f3 Be6 36. g4 Ng7 37. Ne3 Ne5 38. Bf6 Bd7 39. Rd1 Rc3 40. Nd5 Rc6 41.
Kg3 Ree6 42. Bxe5 Rxe5 43. Nxh3 h5 44. Nb4 Rc7 45. Nf4 hxg4 46. Rh1+ Kg8 47.
Nfd5 Nh5+ 48. Kh4 Rc8 49. fxg4 Kg7 50. Rd1 Rh8 51. gxh5 Rexh5+ 52. Kg3 a5 53.
Na6 Rh1 54. Rxh1 Rxh1 55. Bc2 Ra1 56. Bd3 Rxa2 57. Nc5 Rd2 58. Kf4 a4 59. Ke3
a3 60. Nb4 Rb2 61. Nxd7 Rxb3 62. Na2 Rb2 63. Nc1 b4 64. Kd4 a2 65. Nxa2 Rxa2
66. Kc4 f5 67. exf5 Rd2 68. Nc5 b3 69. Nxb3 Rd1 70. Nc5 Kf6 71. Nd7+ Ke7 72.
Ne5 Kf6 73. Ng4+ Kg5 74. Ne3 Ra1 75. Kd4 Ra4+ 76. Bc4 Kf6 77. Ke4 Ra1 78. Nd5+
Kg5 79. Bd3 Re1+ 80. Ne3 Ra1 81. Bc2 Ra8 82. Bb3 Re8+ 83. Be6 Ra8 84. Ke5 Ra1
85. Bc8 Re1 86. Kd4 Ra1 87. Nd5 Rf1 88. Ke4 Re1+ 89. Ne3 Ra1 90. Kd4 Re1 91.
Be6 Ra1 92. Bb3 Re1 93. Bc2 Rc1 94. Be4 Rc8 95. Bd5 Rc1 96. Ke4 Re1 97. Be6 Ra1
98. Kd4 Re1 99. Bd7 Ra1 100. Bc6 Kf6 101. Ke4 Re1 102. Bd7 Kg5 103. Kd3 Ra1
104. Ke4 Re1 105. Kd4 Ra1 106. Nd5 Rd1+ 107. Ke5 Re1+ 108. Kd6 Rf1 109. Ke5
Re1+ 110. Kd4 Rd1+ 111. Ke4 Re1+ 112. Ne3 Ra1 113. Be6 Re1 114. Kd3 Ra1 115.
Kd4 Re1 116. Nd5 Rd1+ 117. Ke5 Re1+ 118. Kd6 Rf1 1/2-1/2

[Event "Memorial Kauska"]
[Site "?"]
[Date "2008.??.??"]
[Round "?"]
[White "Kostál, Jindrich"]
[Black "Novák, Vratislav"]
[Result "0-1"]
[WhiteElo "2377"]
[BlackElo "2305"]
[PlyCount "114"]
[EventDate "2008.??.??"]
[EventType "corr"]
[SourceDate "2004.06.03"]

1. e4 c5 2. Nf3 d6 3. d4 cxd4 4. Nxd4 Nf6 5. Nc3 Nc6 6. Be2 g6 7. O-O Bg7 8.
Be3 O-O 9. Rb1 Bd7 10. f4 Rc8 11. a3 a6 12. Bf3 Na5 13. e5 Ne8 14. Qe1 dxe5 15.
fxe5 Bxe5 16. Rd1 Nf6 17. Bh6 Qc7 18. Bxf8 Rxf8 19. Nd5 Nxd5 20. Bxd5 e6 21.
Ba2 Nc6 22. Qh4 Bxd4+ 23. Rxd4 Qb6 24. c3 Nxd4 25. Qxd4 Qxb2 26. Qxd7 Qxa2 27.
a4 Qb3 28. Qd4 Re8 29. Qd7 Qb6+ 30. Kh1 Rf8 31. h3 a5 32. Rf3 e5 33. Rd3 Qf2
34. Rf3 Qh4 35. Qxb7 Qxa4 36. Qd5 e4 37. Rf4 Qa1+ 38. Kh2 Qxc3 39. Qxe4 Qc7 40.
Qc4 Qxc4 41. Rxc4 Rb8 42. Ra4 Rb5 43. g4 Kf8 44. Kg3 h5 45. gxh5 Rxh5 46. Re4
Rb5 47. Ra4 Ke7 48. Kf3 Kd6 49. Ke3 Kc6 50. Kd3 Kb6 51. Kc3 Rg5 52. h4 Rg3+ 53.
Kd2 f5 54. h5 gxh5 55. Rh4 Rg5 56. Rf4 Rg6 57. Rxf5 Rh6 0-1

[Event "Memorial Kauska"]
[Site "?"]
[Date "2008.??.??"]
[Round "?"]
[White "Kostál, Jindrich"]
[Black "Popelka, Miloslav"]
[Result "1-0"]
[WhiteElo "2377"]
[BlackElo "2457"]
[PlyCount "119"]
[EventDate "2008.??.??"]
[EventType "corr"]
[SourceDate "2004.06.03"]

1. e4 c5 2. Nf3 d6 3. d4 cxd4 4. Nxd4 Nf6 5. Nc3 a6 6. Bg5 e6 7. f4 Qb6 8. Nb3
Nbd7 9. Qf3 Be7 10. Bd3 Qc7 11. O-O h6 12. Bh4 b6 13. Rae1 Bb7 14. f5 e5 15. a4
O-O 16. Bf2 Bc6 17. Re2 Rfd8 18. Bc4 Bb7 19. Nd2 Nc5 20. Rd1 Bc6 21. b3 Bb7 22.
g4 Nh7 23. h4 Rac8 24. Bd5 Nf6 25. Bxb7 Qxb7 26. g5 hxg5 27. hxg5 Nh7 28. g6
Nf6 29. Bxc5 Rxc5 30. b4 Rxc3 31. Qxc3 fxg6 32. fxg6 Qd7 33. Nf3 Qe6 34. Qb3
Qxb3 35. cxb3 Rf8 36. Nh4 d5 37. Nf5 Bxb4 38. exd5 Nd7 39. Rf1 Rf6 40. Rg2 a5
41. Kh1 e4 42. Rg4 Bf8 43. Rxe4 Rxg6 44. Re8 Rf6 45. Rd8 Nc5 46. Kg2 Kf7 47. d6
g6 48. d7 Be7 49. Nxe7 Kxe7 50. Rxf6 Kxd8 51. Rxb6 Kxd7 52. Kf3 g5 53. Rb5 Kc6
54. Kg4 Kd6 55. Kf5 Kc6 56. Kg4 Kd6 57. Kg3 Ne4+ 58. Kf3 Nc5 59. Rxa5 g4+ 60.
Ke3 1-0

[Event "Memorial Kauska"]
[Site "?"]
[Date "2008.??.??"]
[Round "?"]
[White "Kostál, Jindrich"]
[Black "Schwarz, Jan"]
[Result "1-0"]
[WhiteElo "2377"]
[BlackElo "2325"]
[PlyCount "37"]
[EventDate "2008.??.??"]
[EventType "corr"]
[SourceDate "2004.06.03"]

1. e4 Nc6 2. d4 d5 3. Nc3 e6 4. e5 Nge7 5. Nf3 b6 6. a3 h6 7. Bd3 Nf5 8. Ne2
Be7 9. O-O O-O 10. c3 a5 11. Bb1 Ba6 12. Re1 Re8 13. Nf4 Qd7 14. Nh5 g6 15.
Nf6+ Bxf6 16. exf6 Qd8 17. g4 Nd6 18. Ne5 Nb8 19. Qf3 1-0

[Event "Memorial Kauska"]
[Site "?"]
[Date "2008.??.??"]
[Round "?"]
[White "Kouba, Petr"]
[Black "Cipka, Ivan"]
[Result "1/2-1/2"]
[WhiteElo "2311"]
[BlackElo "2461"]
[PlyCount "48"]
[EventDate "2008.??.??"]
[EventType "corr"]
[SourceDate "2004.06.03"]

1. e4 e5 2. Nf3 Nf6 3. Nxe5 d6 4. Nf3 Nxe4 5. d4 d5 6. Bd3 Bd6 7. O-O O-O 8. c4
c6 9. cxd5 cxd5 10. Nc3 Nxc3 11. bxc3 Nc6 12. Ng5 g6 13. f4 Qc7 14. f5 f6 15.
Ne6 Bxe6 16. fxe6 Bxh2+ 17. Kh1 Bd6 18. Bh6 f5 19. Bxf8 Rxf8 20. Qf3 Ne7 21.
Rac1 Qc8 22. Qe2 Rf6 23. c4 Qf8 24. Qe3 f4 1/2-1/2

[Event "Memorial Kauska"]
[Site "?"]
[Date "2008.??.??"]
[Round "?"]
[White "Kouba, Petr"]
[Black "Glaser, Karel"]
[Result "1/2-1/2"]
[WhiteElo "2311"]
[BlackElo "2303"]
[PlyCount "39"]
[EventDate "2008.??.??"]
[EventType "corr"]
[SourceDate "2004.06.03"]

1. e4 e5 2. Nf3 Nc6 3. d4 exd4 4. Bc4 Bc5 5. c3 Nf6 6. e5 d5 7. Bb5 Ne4 8. cxd4
Bb6 9. Be3 O-O 10. Nc3 Ne7 11. Bd3 Nxc3 12. bxc3 Bf5 13. O-O Qd7 14. Nh4 Bxd3
15. Qxd3 f6 16. f4 Qa4 17. Nf3 fxe5 18. fxe5 Qc4 19. Rfd1 Rae8 20. a4 1/2-1/2

[Event "Memorial Kauska"]
[Site "?"]
[Date "2008.??.??"]
[Round "?"]
[White "Kouba, Petr"]
[Black "Gubás, Jan"]
[Result "1/2-1/2"]
[WhiteElo "2311"]
[BlackElo "2343"]
[PlyCount "103"]
[EventDate "2008.??.??"]
[EventType "corr"]
[SourceDate "2004.06.03"]

1. e4 e5 2. Nf3 Nc6 3. d4 exd4 4. Bc4 Bc5 5. c3 Nf6 6. e5 d5 7. Bb5 Ne4 8. cxd4
Bb6 9. Be3 O-O 10. Nc3 Bg4 11. h3 Bh5 12. Qc2 Bg6 13. Qb3 a6 14. Bxc6 bxc6 15.
O-O Rb8 16. Qa3 Bh5 17. e6 Qd6 18. exf7+ Bxf7 19. Qxa6 Ra8 20. Qd3 Bg6 21. Ne5
Nxf2 22. Qd2 Ne4 23. Rxf8+ Rxf8 24. Nxe4 Bxe4 25. Qc3 Qd8 26. Qxc6 Rf6 27. Qd7
Qxd7 28. Nxd7 Rd6 29. Ne5 Re6 30. Bf2 Rf6 31. Rd1 Rf8 32. Nc6 Ra8 33. Ra1 Ra4
34. b3 Ra3 35. Be3 Bc2 36. Bd2 Kf7 37. Bc1 Ra8 38. Bb2 Ke6 39. Rc1 Bg6 40. a4
Be8 41. Kf2 Bxc6 42. Rxc6+ Kd7 43. Rc2 Re8 44. Re2 Rb8 45. b4 c6 46. Bc3 Bc7
47. Ke3 Bd6 48. Rb2 Kc7 49. Kd3 Kb6 50. b5 cxb5 51. Rxb5+ Kc6 52. Rxb8 1/2-1/2

[Event "Memorial Kauska"]
[Site "?"]
[Date "2008.??.??"]
[Round "?"]
[White "Kouba, Petr"]
[Black "Nedoma, Petr"]
[Result "1/2-1/2"]
[WhiteElo "2311"]
[BlackElo "2351"]
[PlyCount "56"]
[EventDate "2008.??.??"]
[EventType "corr"]
[SourceDate "2004.06.03"]

1. e4 c5 2. Nf3 Nc6 3. d4 cxd4 4. Nxd4 Nf6 5. Nc3 e5 6. Ndb5 d6 7. Bg5 a6 8.
Na3 b5 9. Bxf6 gxf6 10. Nd5 Bg7 11. Bd3 Ne7 12. Nxe7 Qxe7 13. O-O O-O 14. c4 f5
15. Qh5 Rd8 16. Rfe1 Qf6 17. exf5 Bb7 18. cxb5 axb5 19. Nc2 b4 20. Nxb4 d5 21.
Rac1 Rdc8 22. Rxc8+ Rxc8 23. Bc2 Rc4 24. a3 Bf8 25. Qd1 Bd6 26. b3 Rc5 27. g3
e4 28. f3 Qc3 1/2-1/2

[Event "Memorial Kauska"]
[Site "?"]
[Date "2008.??.??"]
[Round "?"]
[White "Kouba, Petr"]
[Black "Novák, Vratislav"]
[Result "1/2-1/2"]
[WhiteElo "2311"]
[BlackElo "2305"]
[PlyCount "38"]
[EventDate "2008.??.??"]
[EventType "corr"]
[SourceDate "2004.06.03"]

1. e4 e5 2. Nf3 Nc6 3. d4 exd4 4. Bc4 Bc5 5. c3 Nf6 6. e5 d5 7. Bb5 Ne4 8. cxd4
Bb6 9. Be3 O-O 10. Nc3 Bg4 11. h3 Bh5 12. Qc2 Nxc3 13. bxc3 f6 14. exf6 Qxf6
15. Be2 Qg6 16. Qxg6 Bxg6 17. O-O Rae8 18. Bb5 Re6 19. c4 Nb4 1/2-1/2

[Event "Memorial Kauska"]
[Site "?"]
[Date "2008.??.??"]
[Round "?"]
[White "Kouba, Petr"]
[Black "Pecka, Josef"]
[Result "1/2-1/2"]
[WhiteElo "2311"]
[BlackElo "2305"]
[PlyCount "84"]
[EventDate "2008.??.??"]
[EventType "corr"]
[SourceDate "2004.06.03"]

1. e4 c5 2. Nf3 d6 3. d4 cxd4 4. Nxd4 Nf6 5. Nc3 a6 6. f3 Qb6 7. Nb3 e6 8. Bf4
Be7 9. Qd2 Nbd7 10. O-O-O Ne5 11. Bg5 Qc7 12. Bxf6 gxf6 13. f4 Nc6 14. Kb1 Bd7
15. Qf2 b5 16. Qg3 b4 17. Ne2 a5 18. Nbd4 Nxd4 19. Nxd4 a4 20. Bb5 Bxb5 21.
Nxb5 Qc5 22. Qd3 O-O 23. Rhe1 Rfd8 24. Re3 d5 25. e5 Qc4 26. Rg3+ Kh8 27. Nd6
Bxd6 28. Qxc4 dxc4 29. exd6 Ra6 30. a3 b3 31. cxb3 cxb3 32. Rgd3 Kg7 33. R1d2
Kf8 34. Kc1 f5 35. Kd1 Ke8 36. Rd4 Kd7 37. Rb4 Ra7 38. Ke2 Rc8 39. Ke3 Rc6 40.
Rdd4 Rc2 41. Rb8 Rxg2 42. Kd3 f6 1/2-1/2

[Event "Memorial Kauska"]
[Site "?"]
[Date "2008.??.??"]
[Round "?"]
[White "Kouba, Petr"]
[Black "Popelka, Miloslav"]
[Result "1/2-1/2"]
[WhiteElo "2311"]
[BlackElo "2457"]
[PlyCount "41"]
[EventDate "2008.??.??"]
[EventType "corr"]
[SourceDate "2004.06.03"]

1. e4 c5 2. Nf3 d6 3. d4 cxd4 4. Nxd4 Nf6 5. Nc3 a6 6. f3 e5 7. Nb3 Be6 8. Be3
Nbd7 9. Qd2 b5 10. a4 b4 11. Nd5 Bxd5 12. exd5 Nb6 13. Bxb6 Qxb6 14. a5 Qb7 15.
Bc4 Be7 16. Ra4 Rb8 17. Nc1 O-O 18. Na2 Nd7 19. Rxb4 Qc7 20. Bd3 Bg5 21. Qxg5
1/2-1/2

[Event "Memorial Kauska"]
[Site "?"]
[Date "2008.??.??"]
[Round "?"]
[White "Kýhos, Alois"]
[Black "Cipka, Ivan"]
[Result "0-1"]
[WhiteElo "2371"]
[BlackElo "2461"]
[PlyCount "70"]
[EventDate "2008.??.??"]
[EventType "corr"]
[SourceDate "2004.06.03"]

1. e4 e5 2. Nf3 Nf6 3. Nxe5 d6 4. Nf3 Nxe4 5. d4 d5 6. Bd3 Bd6 7. O-O O-O 8. c4
c6 9. Nc3 Nxc3 10. bxc3 dxc4 11. Bxc4 Bf5 12. Re1 Nd7 13. Bd3 Bxd3 14. Qxd3 Qc7
15. c4 Rfe8 16. Bb2 Rad8 17. Rab1 h6 18. Qf5 b5 19. cxb5 Rxe1+ 20. Rxe1 Qa5 21.
a4 a6 22. d5 cxb5 23. axb5 axb5 24. Rc1 b4 25. Ra1 Qb6 26. Nd4 Be5 27. Rd1 b3
28. Qb1 Ra8 29. Rd3 Nc5 30. Re3 Qf6 31. Rf3 Qg6 32. Qxg6 fxg6 33. Kf1 Bxd4 34.
Bxd4 Rb8 35. Bb2 Na4 0-1

[Event "Memorial Kauska"]
[Site "?"]
[Date "2008.??.??"]
[Round "?"]
[White "Kýhos, Alois"]
[Black "Dedina, Miroslav"]
[Result "1/2-1/2"]
[WhiteElo "2371"]
[BlackElo "2366"]
[PlyCount "84"]
[EventDate "2008.??.??"]
[EventType "corr"]
[SourceDate "2004.06.03"]

1. e4 c6 2. d4 d5 3. exd5 cxd5 4. Bd3 Nc6 5. c3 Nf6 6. Bf4 Bg4 7. Qb3 Qd7 8.
Nd2 e6 9. Ngf3 Bxf3 10. Nxf3 Bd6 11. Bxd6 Qxd6 12. O-O Rb8 13. Rae1 O-O 14. Ne5
g6 15. Qd1 b5 16. a3 a5 17. Qc1 Rfc8 18. Qf4 Qd8 19. Re3 Nxe5 20. dxe5 Nd7 21.
Rfe1 Nc5 22. Bf1 Ne4 23. Rh3 Qf8 24. Bd3 Nc5 25. Be2 Na4 26. Rb1 b4 27. Qh4 h5
28. axb4 axb4 29. Bf1 Rc7 30. Qd4 Qe7 31. Qf4 Kg7 32. Re3 Ra7 33. c4 Nb6 34. b3
dxc4 35. Bxc4 Rd8 36. h3 Rd2 37. Rc1 Raa2 38. Rf3 Rac2 39. Rxc2 Rxc2 40. Rd3
Kh7 41. Kh2 Nxc4 42. bxc4 Kg8 1/2-1/2

[Event "Memorial Kauska"]
[Site "?"]
[Date "2008.??.??"]
[Round "?"]
[White "Kýhos, Alois"]
[Black "Glaser, Karel"]
[Result "0-1"]
[WhiteElo "2371"]
[BlackElo "2303"]
[PlyCount "88"]
[EventDate "2008.??.??"]
[EventType "corr"]
[SourceDate "2004.06.03"]

1. e4 e5 2. Nf3 Nc6 3. Bb5 a6 4. Ba4 Nf6 5. O-O Be7 6. Re1 b5 7. Bb3 O-O 8. c3
d6 9. h3 Na5 10. Bc2 c5 11. d4 Nd7 12. Nbd2 exd4 13. cxd4 Nc6 14. Nb3 a5 15.
Be3 a4 16. Nbd2 Qb6 17. Nf1 Rd8 18. Rc1 Bb7 19. Ng3 g6 20. d5 Nb4 21. a3 Nxc2
22. Qxc2 Bf6 23. Bd2 b4 24. h4 Re8 25. Bf4 b3 26. Qb1 Rac8 27. h5 Ba6 28. Ne2
Bxe2 29. Rxe2 c4 30. Bd2 c3 31. Bxc3 Bxc3 32. bxc3 Nf6 33. Re3 Nxh5 34. Nd2 Nf6
35. Rf3 Ng4 36. Rf1 Ne5 37. Re3 Rc7 38. Rc1 Rec8 39. Rg3 Qa6 40. f4 Nc4 41.
Nxc4 Qxc4 42. Kh2 Re7 43. Re1 Rce8 44. e5 Qxf4 0-1

[Event "Memorial Kauska"]
[Site "?"]
[Date "2008.??.??"]
[Round "?"]
[White "Kýhos, Alois"]
[Black "Kostál, Jindrich"]
[Result "1/2-1/2"]
[WhiteElo "2371"]
[BlackElo "2377"]
[PlyCount "119"]
[EventDate "2008.??.??"]
[EventType "corr"]
[SourceDate "2004.06.03"]

1. e4 e5 2. Nf3 Nc6 3. Bb5 a6 4. Ba4 Nf6 5. O-O Be7 6. Re1 b5 7. Bb3 O-O 8. c3
d6 9. h3 Nb8 10. d4 Nbd7 11. Nbd2 Bb7 12. Bc2 Re8 13. Nf1 Bf8 14. Ng3 g6 15. a4
c5 16. d5 c4 17. Bg5 h6 18. Be3 Nc5 19. Qd2 h5 20. Bg5 Be7 21. Bh6 Qc7 22. Ra3
Reb8 23. Be3 Nfd7 24. Rea1 Bc8 25. axb5 Rxb5 26. R1a2 Rab8 27. Ba4 h4 28. Bxb5
axb5 29. Nf1 Nxe4 30. Qd1 Nec5 31. Bg5 Bxg5 32. Nxg5 Nb6 33. Ne3 Qe7 34. Nf3
Nba4 35. Nxc4 bxc4 36. Rxa4 Nxa4 37. Qxa4 e4 38. Ne1 e3 39. Qxc4 exf2+ 40. Kxf2
Qe5 41. b4 Qg3+ 42. Kf1 Bd7 43. Qd4 Bb5+ 44. c4 Qb3 45. Rc2 Qxb4 46. Nd3 Qa4
47. Rc1 Rc8 48. Nb2 Qb3 49. Kg1 Bd7 50. Nd3 Bf5 51. Nf2 Re8 52. Qxh4 Qe3 53.
Rf1 Bd3 54. Rd1 Bc2 55. Rf1 Kg7 56. Kh2 f5 57. Qg3 Qxg3+ 58. Kxg3 Rc8 59. Re1
Rxc4 60. Re6 1/2-1/2

[Event "Memorial Kauska"]
[Site "?"]
[Date "2008.??.??"]
[Round "?"]
[White "Kýhos, Alois"]
[Black "Kouba, Petr"]
[Result "1/2-1/2"]
[WhiteElo "2371"]
[BlackElo "2311"]
[PlyCount "42"]
[EventDate "2008.??.??"]
[EventType "corr"]
[SourceDate "2004.06.03"]

1. e4 e5 2. Nf3 Nc6 3. Bb5 a6 4. Ba4 Nf6 5. O-O Be7 6. Re1 b5 7. Bb3 d6 8. c3
O-O 9. h3 Na5 10. Bc2 c5 11. d4 cxd4 12. cxd4 exd4 13. Nxd4 Re8 14. Nc3 Bd7 15.
b3 Rc8 16. Bb2 Nc6 17. a3 Nxd4 18. Qxd4 Nh5 19. Bd1 Bf6 20. Qd2 Bg5 21. Qxd6
Nf4 1/2-1/2

[Event "Memorial Kauska"]
[Site "?"]
[Date "2008.??.??"]
[Round "?"]
[White "Kýhos, Alois"]
[Black "Schwarz, Jan"]
[Result "1/2-1/2"]
[WhiteElo "2371"]
[BlackElo "2325"]
[PlyCount "72"]
[EventDate "2008.??.??"]
[EventType "corr"]
[SourceDate "2004.06.03"]

1. e4 e5 2. Nf3 Nf6 3. Nxe5 d6 4. Nf3 Nxe4 5. d4 d5 6. Bd3 Be7 7. O-O Nc6 8. c4
Nb4 9. Be2 Be6 10. a3 Nc6 11. cxd5 Bxd5 12. Nc3 O-O 13. Nxd5 Qxd5 14. Be3 Rfe8
15. Rc1 Rad8 16. Qa4 Bd6 17. Bb5 Re7 18. Rfd1 Rb8 19. b4 Qh5 20. Bxc6 bxc6 21.
Qxa7 Ree8 22. Qa4 Nf6 23. h3 Ra8 24. Qxc6 Rxa3 25. d5 h6 26. b5 Raxe3 27. fxe3
Rxe3 28. Rf1 Qg6 29. Qc4 Qg3 30. Qd4 Re2 31. Rf2 Re4 32. Qd3 Bf4 33. d6 Bxd6
34. Rc4 Qf4 35. Rfc2 g5 36. Rd4 Rxd4 1/2-1/2

[Event "Memorial Kauska"]
[Site "?"]
[Date "2008.??.??"]
[Round "?"]
[White "Kýhos, Alois"]
[Black "Volek, Stanislav"]
[Result "1-0"]
[WhiteElo "2371"]
[BlackElo "2317"]
[PlyCount "87"]
[EventDate "2008.??.??"]
[EventType "corr"]
[SourceDate "2004.06.03"]

1. e4 e5 2. Nf3 Nf6 3. Nxe5 d6 4. Nf3 Nxe4 5. d4 d5 6. Bd3 Nc6 7. O-O Be7 8. c4
Nb4 9. Be2 O-O 10. Nc3 Bf5 11. a3 Nxc3 12. bxc3 Nc6 13. cxd5 Qxd5 14. Bf4 Qd7
15. Re1 Bd6 16. Bxd6 Qxd6 17. Bc4 Rae8 18. Qb3 Nd8 19. Ne5 Be6 20. Qb4 Re7 21.
Re3 b6 22. Bd3 c5 23. dxc5 Qxc5 24. Qh4 f5 25. Rae1 Rc7 26. Nf3 g6 27. Ng5 Ba2
28. a4 Rg7 29. R1e2 Bb3 30. Re8 Rd7 31. g3 h5 32. Bb5 Rd1+ 33. Kg2 Bd5+ 34. Kh3
Qd6 35. c4 Be4 36. Nxe4 fxe4 37. Qxe4 Kg7 38. Rxf8 Qxf8 39. Qe7+ Qf7 40. f4 Rd4
41. Qg5 Qf6 42. Re7+ Nf7 43. Be8 Qxg5 44. Rxf7+ 1-0

[Event "Memorial Kauska"]
[Site "?"]
[Date "2008.??.??"]
[Round "?"]
[White "Nedoma, Petr"]
[Black "Gubás, Jan"]
[Result "1/2-1/2"]
[WhiteElo "2351"]
[BlackElo "2343"]
[PlyCount "75"]
[EventDate "2008.??.??"]
[EventType "corr"]
[SourceDate "2004.06.03"]

1. e4 e5 2. Nf3 Nc6 3. d4 exd4 4. Nxd4 Nf6 5. Nxc6 bxc6 6. Bd3 d5 7. Qe2 dxe4
8. Nc3 Bb4 9. Bxe4 Bxc3+ 10. bxc3 Nxe4 11. Qxe4+ Qe7 12. Qxe7+ Kxe7 13. Bf4 Rb8
14. O-O-O Rb7 15. Rhe1+ Be6 16. Rd4 Rhb8 17. Kd2 h6 18. a3 Rd8 19. Be5 Rxd4+
20. Bxd4 f6 21. c4 Kf7 22. Kc3 a6 23. f3 g5 24. Rh1 Rb8 25. h4 Kg6 26. h5+ Kf7
27. Re1 Bd7 28. Rd1 Bf5 29. a4 a5 30. Re1 Be6 31. Bc5 Rb7 32. Ra1 Rb8 33. Rf1
Bd7 34. Rd1 Be6 35. Re1 Rb7 36. Rf1 Rb8 37. Rh1 Bd7 38. Rd1 1/2-1/2

[Event "Memorial Kauska"]
[Site "?"]
[Date "2008.??.??"]
[Round "?"]
[White "Nedoma, Petr"]
[Black "Kostál, Jindrich"]
[Result "1/2-1/2"]
[WhiteElo "2351"]
[BlackElo "2377"]
[PlyCount "114"]
[EventDate "2008.??.??"]
[EventType "corr"]
[SourceDate "2004.06.03"]

1. e4 e5 2. Nf3 Nc6 3. d4 exd4 4. Nxd4 Bc5 5. Be3 Qf6 6. Nb5 Bxe3 7. fxe3 Qh4+
8. g3 Qd8 9. Qg4 g5 10. N1c3 Ne5 11. Qe2 d6 12. Nd4 c6 13. h3 Qe7 14. Qf2 Be6
15. O-O-O O-O-O 16. Be2 Nf6 17. Kb1 Kb8 18. Rdf1 Nfd7 19. h4 h6 20. a3 Rhe8 21.
hxg5 hxg5 22. Rh6 Rh8 23. Rfh1 Ng4 24. Bxg4 Rxh6 25. Rxh6 Bxg4 26. Nf5 Qf8 27.
Rh1 Ne5 28. b3 Bf3 29. Rh7 Qg8 30. Rh3 Bg4 31. Rh6 Qf8 32. Rh1 Rd7 33. Kb2 f6
34. Qf1 Qd8 35. Rh6 a6 36. Rh2 Bxf5 37. Qxf5 Rf7 38. Rh6 Qf8 39. Qh3 Qc8 40.
Qh5 Ka7 41. Rh8 Rf8 42. Rh7 Rd8 43. Qd1 Rd7 44. Rh6 Qf8 45. Rh1 Qe8 46. Rh6 Qf8
47. Rh1 Qe7 48. Rh6 Qg7 49. Rh1 Rd8 50. Rh5 Qe7 51. Qh1 Rf8 52. Rh7 Rf7 53. Rh8
Ng6 54. Rh6 Nf8 55. Qd1 Nd7 56. Qh5 Ne5 57. Rh8 Kb6 1/2-1/2